Highest Bounties in One Piece - Statistics

General Stats
  • This quiz has been taken 45 times
    26 since last reset
  • The average score is 18 of 20
Answer Stats
Bounty Character % Correct
4,388,000,000 Big Mom
100%
5,564,800,000 Gol D. Roger
100%
4,611,100,000 Kaido
100%
3,000,000,000 Luffy
100%
4,048,900,000 Shanks
100%
3,189,000,000 Buggy
96%
1,965,000,000 Crocodile
96%
3,000,000,000 Kid
96%
1,390,000,000 King
96%
3,000,000,000 Law
96%
1,111,000,000 Zoro
96%
3,590,000,000 Mihawk
92%
1,032,000,000 Sanji
92%
5,046,000,000 Whitebeard
92%
1,320,000,000 Queen
88%
1,659,000,000 Boa Hancock
83%
1,057,000,000 Katakuri
83%
3,996,000,000 Blackbeard
79%
1,100,000,000 Jinbe
71%
1,374,000,000 Marco
71%
No matching quizzes found
Score Distribution
Percent of People with Each Score
Percentile by Number Answered
Your Score History
You have not taken this quiz since the last reset